[Event "FIDE World Cup 2023"]
[Site "Baku AZE"]
[Date "2023.08.03"]
[Round "2.2"]
[White "Iskandarov, Misratdin"]
[Black "Gukesh, D"]
[Result "0-1"]
[WhiteTitle "GM"]
[BlackTitle "GM"]
[WhiteElo "2551"]
[BlackElo "2744"]
[WhiteFideId "13400312"]
[BlackFideId "46616543"]
[EventDate "2023.07.30"]
[EventType "k.o."]

1. e4 c5 2. Nf3 Nc6 3. d4 cxd4 4. Nxd4 Nf6 5. Nc3 e5 6. Ndb5 d6 7. Nd5 Nxd5 8.
exd5 Nb8 9. a4 Be7 10. Bd2 O-O 11. a5 a6 12. Na3 Bf5 13. Nc4 Nd7 14. Bb4 Rc8 15.
Be2 Bg6 16. O-O Nc5 17. Ra3 f5 18. Nb6 Rc7 19. Bxc5 Rxc5 20. b4 Rc7 21. c4 e4
22. f4 exf3 23. Bxf3 Bf6 24. Kh1 Be5 25. Re1 Rcf7 26. Rae3 Bf4 27. Qd4 Bxe3 28.
Qxe3 f4 29. Qe6 Bf5 30. Qe2 Qh4 31. Kg1 Qf6 32. Qd2 Re7 33. Rxe7 Qxe7 34. c5
dxc5 35. d6 Qe3+ 36. Qxe3 fxe3 37. bxc5 Be4 38. Bg4 Bd3 39. Bf3 Be4 40. Bg4 Kf7
41. Nc4 Kf6 42. Nxe3 Ke5 43. Nc4+ Kd4 44. Nb6 Bc6 0-1

[Event "FIDE World Cup 2023"]
[Site "Baku AZE"]
[Date "2023.08.03"]
[Round "2.2"]
[White "Mamedyarov, Shakhriyar"]
[Black "Tin, Jingyao"]
[Result "0-1"]
[WhiteTitle "GM"]
[BlackTitle "GM"]
[WhiteElo "2742"]
[BlackElo "2573"]
[WhiteFideId "13401319"]
[BlackFideId "5804418"]
[EventDate "2023.07.30"]
[EventType "k.o."]

1. d4 d5 2. c4 e6 3. Nf3 a6 4. Bg5 Be7 5. Bxe7 Qxe7 6. e3 Nf6 7. Nbd2 O-O 8. Rc1
Nc6 9. cxd5 exd5 10. Qb3 Qd6 11. Bd3 Rb8 12. h3 Ne7 13. g4 c6 14. Ne5 Nd7 15. f4
Kh8 16. Qc2 f6 17. Nef3 g5 18. O-O gxf4 19. exf4 Qxf4 20. Rce1 Rf7 21. Rf2 Nf8
22. Nf1 Rg7 23. Qd2 Ne6 24. Re3 Qd6 25. Bc2 Bd7 26. Nh4 Ng5 27. Kh1 b6 28. b4 c5
29. bxc5 bxc5 30. dxc5 Qxc5 31. Rxf6 d4 32. Rb3 Rc8 33. Bd3 Nxh3 34. Bxa6 Bc6+
35. Ng2 Rxg4 36. Bxc8 Bxg2+ 37. Kh2 Qxc8 38. Ng3 Bd5 39. Qe2 Rh4 40. Qe5 Nf4+ 0-1

[Event "FIDE World Cup 2023"]
[Site "Baku AZE"]
[Date "2023.08.03"]
[Round "2.2"]
[White "Dragnev, Valentin"]
[Black "Vachier-Lagrave, Maxime"]
[Result "1/2-1/2"]
[WhiteTitle "GM"]
[BlackTitle "GM"]
[WhiteElo "2576"]
[BlackElo "2739"]
[WhiteFideId "1634852"]
[BlackFideId "623539"]
[EventDate "2023.07.30"]
[EventType "k.o."]

1. e4 c5 2. Nf3 d6 3. Nc3 Nf6 4. d4 cxd4 5. Nxd4 a6 6. a4 g6 7. Be2 Bg7 8. a5 d5
9. e5 Ne4 10. e6 Nxc3 11. exf7+ Kxf7 12. bxc3 Qc7 13. O-O Qxc3 14. Be3 Nc6 15.
Nb3 Rd8 16. Bb6 Rd6 17. Bc5 Rd8 18. Bb6 Rd6 19. Bc5 Rd8 20. Bb6 1/2-1/2

[Event "FIDE World Cup 2023"]
[Site "Baku AZE"]
[Date "2023.08.03"]
[Round "2.2"]
[White "Dominguez Perez, Leinier"]
[Black "Janik, Igor"]
[Result "1-0"]
[WhiteTitle "GM"]
[BlackTitle "GM"]
[WhiteElo "2739"]
[BlackElo "2548"]
[WhiteFideId "3503240"]
[BlackFideId "1159259"]
[EventDate "2023.07.30"]
[EventType "k.o."]

1. e4 c5 2. Nf3 Nc6 3. d4 cxd4 4. Nxd4 g6 5. c4 Bg7 6. Be3 Qb6 7. Nb3 Qd8 8. Qd2
Nf6 9. Nc3 Ng4 10. Bf4 a5 11. Be2 d6 12. Bxg4 Bxg4 13. Bh6 Bxh6 14. Qxh6 a4 15.
Nd2 Qa5 16. Nd5 Be6 17. O-O Ne5 18. h3 Bxd5 19. exd5 Qb6 20. b3 Qd4 21. Rae1
axb3 22. axb3 f5 23. Nf3 Nxf3+ 24. gxf3 Kf7 25. Re2 Ra1 26. Rxa1 Qxa1+ 27. Kg2
Qd4 28. h4 b5 29. cxb5 Qxd5 30. Rxe7+ Kxe7 31. Qg7+ Ke6 32. Qxh8 Qxb5 33. Qxh7
Kf6 34. Qg8 Qd7 35. Qh8+ Ke6 36. Qh6 Kf6 37. h5 Qf7 38. b4 1-0

[Event "FIDE World Cup 2023"]
[Site "Baku AZE"]
[Date "2023.08.03"]
[Round "2.2"]
[White "Daneshvar, Bardiya"]
[Black "Grischuk, Alexander"]
[Result "1/2-1/2"]
[WhiteTitle "GM"]
[BlackTitle "GM"]
[WhiteElo "2577"]
[BlackElo "2736"]
[WhiteFideId "12576468"]
[BlackFideId "4126025"]
[EventDate "2023.07.30"]
[EventType "k.o."]

1. Nf3 d5 2. g3 Nf6 3. Bg2 e6 4. O-O Be7 5. c4 O-O 6. b3 d4 7. e3 c5 8. Ne5 Qc7
9. f4 Nbd7 10. Nd3 e5 11. Bb2 Re8 12. Na3 a6 13. Nc2 Bd6 14. fxe5 Nxe5 15. Nxe5
Bxe5 16. exd4 Bg4 17. Bf3 Bxf3 18. Qxf3 cxd4 19. d3 b5 20. Rae1 bxc4 21. dxc4
Qa5 22. a3 Rad8 23. Nb4 d3 24. Rxe5 Rxe5 25. Bxe5 Qxe5 26. Nxd3 Qd4+ 27. Nf2 Qc5
28. a4 Re8 29. Kh1 h5 30. Nd3 Qd4 1/2-1/2

[Event "FIDE World Cup 2023"]
[Site "Baku AZE"]
[Date "2023.08.03"]
[Round "2.2"]
[White "Yu, Yangyi"]
[Black "Kuybokarov, Temur"]
[Result "1/2-1/2"]
[WhiteTitle "GM"]
[BlackTitle "GM"]
[WhiteElo "2735"]
[BlackElo "2581"]
[WhiteFideId "8603820"]
[BlackFideId "14203049"]
[EventDate "2023.07.30"]
[EventType "k.o."]

1. d4 Nf6 2. c4 g6 3. Nc3 d5 4. Nf3 Bg7 5. Bg5 Ne4 6. Bf4 Nxc3 7. bxc3 c5 8.
cxd5 Qxd5 9. e3 O-O 10. Be2 cxd4 11. cxd4 Qa5+ 12. Qd2 Nc6 13. Qxa5 Nxa5 14. O-O
Be6 15. Rfc1 Rfc8 16. Nd2 Bd5 17. Bf3 Bxf3 18. Nxf3 b5 19. Rcb1 a6 20. a4 Nc4
21. g4 bxa4 22. Rxa4 Rc6 23. Kg2 h6 24. h4 e6 25. Rb7 Nb6 26. Ra5 Nc4 27. Ra4 a5
28. Rb5 Bf8 29. Ne5 Rb6 30. Rc5 Bxc5 31. dxc5 Nb2 32. Rxa5 Rxa5 33. cxb6 Rb5 34.
Nd7 Nc4 35. Bxh6 Nxb6 36. Nf6+ Kh8 37. e4 Nc4 38. h5 gxh5 39. gxh5 e5 40. Kg3
Rb6 41. Bg5 Kg7 42. Ne8+ Kf8 43. h6 1/2-1/2

[Event "FIDE World Cup 2023"]
[Site "Baku AZE"]
[Date "2023.08.03"]
[Round "2.2"]
[White "Cordova, Emilio"]
[Black "Duda, Jan-Krzysztof"]
[Result "1/2-1/2"]
[WhiteTitle "GM"]
[BlackTitle "GM"]
[WhiteElo "2542"]
[BlackElo "2732"]
[WhiteFideId "3801497"]
[BlackFideId "1170546"]
[EventDate "2023.07.30"]
[EventType "k.o."]

1. Nf3 d5 2. g3 c5 3. Bg2 Nc6 4. d4 e6 5. O-O Nf6 6. c4 dxc4 7. dxc5 Qxd1 8.
Rxd1 Bxc5 9. Nbd2 c3 10. bxc3 O-O 11. Nb3 Be7 12. c4 Bd7 13. Bb2 Rfc8 14. Ne1
Be8 15. Nd3 Rc7 16. Rab1 Rac8 17. c5 b6 18. Ba1 h6 19. h4 bxc5 20. Nbxc5 a5 21.
Bf3 Nb4 22. Nxb4 axb4 23. Na6 Ra7 24. Nxb4 Ra4 25. Nd3 Rxa2 26. Rb7 Nd7 27. Nb4
Bxb4 28. Rxb4 Rac2 29. Bb2 R2c4 30. Rxc4 Rxc4 31. Ra1 Rc8 32. Bd4 Nf6 33. Ra8
Rxa8 34. Bxa8 Bb5 35. e4 Nd7 36. f3 Nb8 37. Be5 Bc6 38. Bxb8 1/2-1/2

[Event "FIDE World Cup 2023"]
[Site "Baku AZE"]
[Date "2023.08.03"]
[Round "2.2"]
[White "Le, Quang Liem"]
[Black "Ivanisevic, Ivan"]
[Result "1/2-1/2"]
[WhiteTitle "GM"]
[BlackTitle "GM"]
[WhiteElo "2728"]
[BlackElo "2536"]
[WhiteFideId "12401137"]
[BlackFideId "912417"]
[EventDate "2023.07.30"]
[EventType "k.o."]

1. d4 d5 2. Nf3 e6 3. c4 h6 4. g3 Nf6 5. Bg2 Bd6 6. O-O O-O 7. Qc2 b6 8. a3 Bb7
9. c5 bxc5 10. dxc5 Be7 11. b4 a5 12. Bb2 axb4 13. axb4 Na6 14. Qb3 d4 15. Ra5
Nxc5 16. Rxc5 Bxc5 17. bxc5 Rb8 18. Qc2 e5 19. Nbd2 Re8 20. Ra1 Bc6 21. e3 dxe3
22. fxe3 Nd5 23. Ra3 Nb4 24. Qc3 Qd3 25. Nxe5 Qxc3 26. Bxc3 Bxg2 27. Kxg2 Nc2
28. Ra7 Nxe3+ 29. Kf3 Nd5 30. Bd4 Re6 31. Nec4 Rd8 32. Be5 Rde8 33. Bxc7 Rf6+
34. Bf4 Nxf4 35. Ne4 Rfe6 36. Ned6 Nd5 37. Nxe8 Rxe8 38. Nb6 Nb4 39. Ra4 Nc6 40.
Ra8 Nd4+ 41. Kf2 Rxa8 42. Nxa8 Kf8 43. Nc7 Nb3 44. Na6 Ke7 45. Ke3 Kd7 46. Kd3
Kc6 47. Kc4 Nd2+ 48. Kd4 Nb3+ 1/2-1/2

[Event "FIDE World Cup 2023"]
[Site "Baku AZE"]
[Date "2023.08.03"]
[Round "2.2"]
[White "Abdusattorov, Nodirbek"]
[Black "Sanal, Vahap"]
[Result "0-1"]
[WhiteTitle "GM"]
[BlackTitle "GM"]
[WhiteElo "2725"]
[BlackElo "2585"]
[WhiteFideId "14204118"]
[BlackFideId "6300545"]
[EventDate "2023.07.30"]
[EventType "k.o."]

1. d4 d5 2. c4 c6 3. Nf3 Nf6 4. Nc3 e6 5. Bg5 Be7 6. e3 h6 7. Bf4 Nbd7 8. a3 Nh5
9. cxd5 exd5 10. Bd3 Nxf4 11. exf4 Nf6 12. Ne5 Nd7 13. O-O Nxe5 14. fxe5 Qb6 15.
Ne2 Qxb2 16. f4 f5 17. exf6 Bxf6 18. Bg6+ Kd8 19. f5 b6 20. Qd3 Qb5 21. Qe3 Bd7
22. Kh1 Kc7 23. Nf4 Qa4 24. Rad1 Kb7 25. Nh5 Rad8 26. Nxf6 gxf6 27. Rde1 Ka8 28.
h3 Bc8 29. Rf4 Qa5 30. Rd1 c5 31. Qe7 Qa4 32. Re1 Qc6 33. Rf3 c4 34. Rfe3 Kb8
35. Re6 Bxe6 36. fxe6 c3 37. Qxf6 Qd6 38. Rc1 Rc8 39. Rxc3 Rxc3 40. Qxh8+ Kb7
41. Qxh6 Qxe6 42. Qg5 Rxa3 43. h4 Qd6 44. Qc1 Qg3 0-1

[Event "FIDE World Cup 2023"]
[Site "Baku AZE"]
[Date "2023.08.03"]
[Round "2.2"]
[White "Maghsoodloo, Parham"]
[Black "Suleymanli, Aydin"]
[Result "1/2-1/2"]
[WhiteTitle "GM"]
[BlackTitle "GM"]
[WhiteElo "2719"]
[BlackElo "2586"]
[WhiteFideId "12539929"]
[BlackFideId "13413937"]
[EventDate "2023.07.30"]
[EventType "k.o."]

1. d4 Nf6 2. c4 e6 3. Nf3 d5 4. Nc3 c5 5. cxd5 cxd4 6. Qxd4 exd5 7. e4 dxe4 8.
Qxd8+ Kxd8 9. Ng5 Be6 10. Nxe6+ fxe6 11. Bg5 Nc6 12. O-O-O+ Ke8 13. Bxf6 gxf6
14. Nxe4 Ke7 15. Kb1 Bh6 16. Nc5 Rhd8 17. Bc4 Rxd1+ 18. Rxd1 Rd8 19. Rxd8 Nxd8
20. Kc2 b6 21. Nb3 f5 22. g3 Bg7 23. f3 Nb7 24. Bd3 Nd6 25. Nd2 Bd4 26. f4 Bf6
27. Nf3 Nb7 28. b3 Nc5 29. Bc4 a5 30. Kd2 Ne4+ 31. Ke3 Nc3 32. a4 Nd1+ 1/2-1/2

[Event "FIDE World Cup 2023"]
[Site "Baku AZE"]
[Date "2023.08.03"]
[Round "2.2"]
[White "Mastrovasilis, Dimitrios"]
[Black "Vidit, Santosh Gujrathi"]
[Result "1/2-1/2"]
[WhiteTitle "GM"]
[BlackTitle "GM"]
[WhiteElo "2587"]
[BlackElo "2719"]
[WhiteFideId "4202694"]
[BlackFideId "5029465"]
[EventDate "2023.07.30"]
[EventType "k.o."]

1. e4 e5 2. Nf3 Nc6 3. Nc3 Nf6 4. d4 exd4 5. Nxd4 Bb4 6. Nxc6 bxc6 7. Bd3 d5 8.
exd5 O-O 9. O-O cxd5 10. Bg5 Be6 11. Nb5 c5 12. a3 Ba5 13. b4 Bb6 14. bxc5 Bxc5
15. Qd2 a6 16. Nc7 Qxc7 17. Bxf6 gxf6 18. Qh6 f5 19. Qg5+ Kh8 20. Qf6+ Kg8 21.
Qg5+ Kh8 22. Qf6+ Kg8 23. Qg5+ Kh8 24. Qf6+ 1/2-1/2

[Event "FIDE World Cup 2023"]
[Site "Baku AZE"]
[Date "2023.08.03"]
[Round "2.2"]
[White "Schitco, Ivan"]
[Black "Shankland, Sam"]
[Result "1/2-1/2"]
[WhiteTitle "GM"]
[BlackTitle "GM"]
[WhiteElo "2507"]
[BlackElo "2711"]
[WhiteFideId "13905465"]
[BlackFideId "2004887"]
[EventDate "2023.07.30"]
[EventType "k.o."]

1. c4 Nf6 2. Nc3 e6 3. e4 c5 4. e5 Ng8 5. Nf3 Nc6 6. d4 cxd4 7. Nxd4 Nxd4 8.
Qxd4 Ne7 9. Bf4 b6 10. Bd3 Ng6 11. Bg3 Bc5 12. Qe4 Rb8 13. Qe2 Bb7 14. O-O h5
15. Bxg6 fxg6 16. Bf4 O-O 17. Be3 Bxe3 18. Qxe3 Rf5 19. f3 a6 20. Rad1 Bc6 21.
Ne2 Qg5 22. Qxg5 Rxg5 23. Nf4 b5 24. cxb5 Bxb5 25. Rfe1 Bc6 26. b3 Rf8 27. h4
Rgf5 28. Nh3 Rb8 29. Re3 Rff8 30. Rd6 Rb5 31. Kf2 Rc5 32. Rd2 a5 33. Kg3 Rf5 34.
f4 Rf8 35. Ng5 Rb8 36. Nf3 Bd5 37. Nd4 Kf7 38. Ne2 Rbc8 39. Kf2 Ke7 40. g3 R8c7
41. Ke1 Bb7 42. Red3 Bd5 43. Re3 Bb7 44. Red3 1/2-1/2

[Event "FIDE World Cup 2023"]
[Site "Baku AZE"]
[Date "2023.08.03"]
[Round "2.2"]
[White "Jumabayev, Rinat"]
[Black "Wang, Hao"]
[Result "0-1"]
[WhiteTitle "GM"]
[BlackTitle "GM"]
[WhiteElo "2589"]
[BlackElo "2709"]
[WhiteFideId "13702661"]
[BlackFideId "8602883"]
[EventDate "2023.07.30"]
[EventType "k.o."]

1. d4 d5 2. c4 c6 3. Nf3 Nf6 4. e3 Bf5 5. Nc3 e6 6. Nh4 Be4 7. f3 Bg6 8. Bd2 Be7
9. Nxg6 hxg6 10. Qc2 Nbd7 11. O-O-O dxc4 12. Bxc4 a6 13. Be2 b5 14. Kb1 c5 15.
dxc5 Nxc5 16. e4 Qc7 17. g3 Rc8 18. Rc1 O-O 19. Rhd1 Qb7 20. a3 Nfd7 21. Na2 Ne5
22. Bb4 Ncd3 23. Qxc8 Rxc8 24. Rxc8+ Qxc8 25. Bxe7 Qc4 26. Nb4 Qc7 27. Nxd3 Nxd3
28. Bg5 Nxb2 29. Rd8+ Kh7 30. Kxb2 Qe5+ 31. Kc2 Qxg5 32. Rd3 Qc5+ 33. Kd2 g5 34.
f4 gxf4 35. gxf4 Qf2 36. Rh3+ Kg8 37. Rf3 Qxh2 38. f5 Qe5 39. fxe6 Qxe6 40. Bd3
Qd6 0-1

[Event "FIDE World Cup 2023"]
[Site "Baku AZE"]
[Date "2023.08.03"]
[Round "2.2"]
[White "Vallejo Pons, Francisco"]
[Black "Ivic, Velimir"]
[Result "1-0"]
[WhiteTitle "GM"]
[BlackTitle "GM"]
[WhiteElo "2706"]
[BlackElo "2590"]
[WhiteFideId "2205530"]
[BlackFideId "950122"]
[EventDate "2023.07.30"]
[EventType "k.o."]

1. d4 Nf6 2. Nf3 g6 3. c4 Bg7 4. g3 O-O 5. Bg2 d6 6. O-O Nc6 7. Nc3 a6 8. e4 Bg4
9. Be3 e5 10. d5 Nd4 11. Bxd4 exd4 12. Qxd4 Nd7 13. Qe3 a5 14. Nd2 Nc5 15. Nb3
b6 16. h3 Bd7 17. Nd4 Re8 18. Qd2 Re7 19. Rfe1 Qf8 20. Re2 Rae8 21. Rae1 h5 22.
h4 Bf6 23. f4 Qg7 24. Ncb5 a4 25. Kh2 Rc8 26. Kh1 a3 27. bxa3 Kh7 28. Nc6 Bxc6
29. dxc6 Qh8 30. Bf3 Qe8 31. Kg2 Bg7 32. Qc2 Kg8 33. Qd1 Rd8 34. Qd5 Ra8 35. Qd1
Rd8 36. Qd5 Kh8 37. Qd1 Na6 38. Qd5 Ra8 39. Qd3 Qc8 40. Qc2 Qf8 41. Qd1 Nc5 42.
Qc2 Rae8 43. Kh2 Bf6 44. Kg2 Ne6 45. Qd2 Kh7 46. a4 Qh8 47. a5 bxa5 48. e5 dxe5
49. fxe5 Bg7 50. Qxa5 Ra8 51. Qb4 Qe8 52. a4 Ra6 53. a5 g5 54. hxg5 Nxg5 55.
Qb1+ Kg8 56. Bd5 Rxc6 57. Qf5 Bh6 58. Nd4 Rce6 59. Nxe6 fxe6 60. Qf6 exd5 61.
Qxh6 Rg7 62. Rh1 d4 63. Rxh5 Qa8+ 64. Kg1 Nf7 65. Qf4 d3 66. Rf2 Qxa5 67. Kh2
Qe1 68. Qf5 1-0

[Event "FIDE World Cup 2023"]
[Site "Baku AZE"]
[Date "2023.08.03"]
[Round "2.2"]
[White "Albornoz Cabrera, Carlos Daniel"]
[Black "Amin, Bassem"]
[Result "1/2-1/2"]
[WhiteTitle "GM"]
[BlackTitle "GM"]
[WhiteElo "2591"]
[BlackElo "2694"]
[WhiteFideId "3518736"]
[BlackFideId "10601457"]
[EventDate "2023.07.30"]
[EventType "k.o."]

1. e4 e5 2. Nf3 Nc6 3. Bb5 Nf6 4. d3 Bc5 5. O-O Nd4 6. Nxd4 Bxd4 7. c3 Bb6 8.
Ba4 O-O 9. Bg5 c6 10. Bb3 h6 11. Bh4 d6 12. h3 Be6 13. Nd2 Re8 14. Nc4 Bxc4 15.
Bxc4 g5 16. Bg3 Kg7 17. Re1 Nd7 18. a4 a5 19. Qg4 Nf8 20. d4 exd4 21. Rad1 Qf6
22. cxd4 Bxd4 23. Rd3 d5 24. Qd1 dxc4 25. Rxd4 Ne6 26. Rxc4 Qxb2 27. Bd6 Rad8
28. e5 Nf4 29. h4 Re6 30. Rce4 Rde8 31. Qf3 f6 1/2-1/2

[Event "FIDE World Cup 2023"]
[Site "Baku AZE"]
[Date "2023.08.03"]
[Round "2.2"]
[White "Shevchenko, Kirill"]
[Black "Smirin, Ilia"]
[Result "1-0"]
[WhiteTitle "GM"]
[BlackTitle "GM"]
[WhiteElo "2694"]
[BlackElo "2595"]
[WhiteFideId "14129574"]
[BlackFideId "2801990"]
[EventDate "2023.07.30"]
[EventType "k.o."]

1. d4 Nf6 2. c4 c5 3. d5 e6 4. Nc3 exd5 5. cxd5 g6 6. e4 d6 7. f4 Bg7 8. Bb5+
Nfd7 9. Be2 Qh4+ 10. g3 Qe7 11. Nf3 O-O 12. O-O Nb6 13. f5 N8d7 14. Bg5 Bf6 15.
Qd2 Bxg5 16. Nxg5 Nf6 17. Qf4 Nbd7 18. Qh4 Kg7 19. fxg6 hxg6 20. Rf2 Rh8 21. Qf4
a6 22. Raf1 Rf8 23. a4 b6 24. Nb1 b5 25. axb5 axb5 26. Nc3 b4 27. Nb5 Ba6 28.
Nxd6 Bxe2 29. Rxe2 Qe5 30. Ref2 Qxf4 31. Rxf4 Ra6 32. e5 Rxd6 33. exd6 Re8 34.
h4 Re5 35. g4 b3 36. R1f3 Rxd5 37. Rxb3 Rxd6 38. Re3 Kf8 39. Re2 Rb6 40. Kg2 Rb3
41. Rd2 Rb7 42. Kf1 Ke7 43. Rdf2 Rb6 1-0

[Event "FIDE World Cup 2023"]
[Site "Baku AZE"]
[Date "2023.08.03"]
[Round "2.2"]
[White "Adly, Ahmed"]
[Black "Van Foreest, Jorden"]
[Result "0-1"]
[WhiteTitle "GM"]
[BlackTitle "GM"]
[WhiteElo "2596"]
[BlackElo "2693"]
[WhiteFideId "10601619"]
[BlackFideId "1039784"]
[EventDate "2023.07.30"]
[EventType "k.o."]

1. d4 Nf6 2. Nf3 d5 3. g3 Bf5 4. Bg2 e6 5. O-O h6 6. c4 c6 7. Nc3 Be7 8. Qb3 Qb6
9. c5 Qxb3 10. axb3 O-O 11. b4 a6 12. h3 Nbd7 13. g4 Bh7 14. Bf4 g5 15. Bh2 h5
16. Nxg5 hxg4 17. Nxh7 Kxh7 18. Rfd1 gxh3 19. Bxh3 Rg8+ 20. Kf1 Ng4 21. Bg1 Rg6
22. e4 dxe4 23. Nxe4 Rag8 24. Ke2 Ndf6 25. Nxf6+ Nxf6 26. Bh2 Nd5 27. Rd3 Bf6
28. Rad1 Rh6 29. Bd6 Bxd4 30. Bf5+ exf5 31. Rxd4 Rg4 32. Rxg4 fxg4 33. b5 Re6+
34. Kf1 axb5 35. Ra1 Kg6 36. Ra8 Nf6 37. Rb8 Ne4 38. Rxb7 Nxd6 39. cxd6 Rxd6 40.
Rc7 f5 41. Kg2 Kg5 42. Rc8 Kf4 43. b4 Rd2 44. Rg8 Rc2 45. Rg6 Rb2 46. Rd6 g3 0-1

[Event "FIDE World Cup 2023"]
[Site "Baku AZE"]
[Date "2023.08.03"]
[Round "2.2"]
[White "Deac, Bogdan-Daniel"]
[Black "Acosta, Pablo Ismael"]
[Result "1-0"]
[WhiteTitle "GM"]
[BlackTitle "IM"]
[WhiteElo "2693"]
[BlackElo "2485"]
[WhiteFideId "1226380"]
[BlackFideId "124311"]
[EventDate "2023.07.30"]
[EventType "k.o."]

1. Nf3 Nf6 2. c4 c5 3. Nc3 g6 4. e4 Bg7 5. d4 cxd4 6. Nxd4 O-O 7. Be3 Nc6 8. Be2
d6 9. O-O Bd7 10. Nc2 Ne5 11. Rc1 Rc8 12. Na3 Qa5 13. f3 Rfe8 14. Kh1 Bc6 15.
Qd2 Ned7 16. Nc2 Qc7 17. Nd4 Qb8 18. b4 Nf8 19. a4 Bd7 20. a5 Red8 21. Rfd1 Ne6
22. Nb3 Be8 23. Bf1 b6 24. axb6 axb6 25. Qf2 b5 26. Nxb5 Bxb5 27. cxb5 Rxc1 28.
Rxc1 d5 29. Na5 d4 30. Bd2 Rd7 31. Qg3 Nc7 32. Rc6 Nh5 33. Qh3 1-0

[Event "FIDE World Cup 2023"]
[Site "Baku AZE"]
[Date "2023.08.03"]
[Round "2.2"]
[White "Gadimbayli, Abdulla"]
[Black "Anton Guijarro, David"]
[Result "1/2-1/2"]
[WhiteTitle "GM"]
[BlackTitle "GM"]
[WhiteElo "2483"]
[BlackElo "2691"]
[WhiteFideId "13404938"]
[BlackFideId "2285525"]
[EventDate "2023.07.30"]
[EventType "k.o."]

1. e4 e5 2. Nf3 Nc6 3. Bc4 Nf6 4. d3 Be7 5. Nc3 d6 6. a3 O-O 7. h3 Be6 8. Nd5
Nd7 9. O-O Nb6 10. Ba2 Bxd5 11. exd5 Nb8 12. Re1 N8d7 13. d4 Bf6 14. c3 Re8 15.
Be3 g6 16. Rc1 Bg7 17. Bg5 f6 18. Be3 e4 19. Nd2 f5 20. f3 Kh8 21. fxe4 fxe4 22.
Qc2 Nf6 23. Bg5 e3 24. Nf1 Qd7 25. Nxe3 Ne4 26. Bf4 Re7 27. Re2 Rf8 28. Bh2 Nf6
29. Rce1 Rfe8 30. Bf4 Nh5 31. Bh2 Nf6 32. Qd1 Bh6 33. Ng4 Nxg4 34. Rxe7 Rxe7 35.
hxg4 Rxe1+ 36. Qxe1 Kg8 37. Qe2 Qf7 38. Bg3 Bf4 39. Bh4 Kg7 1/2-1/2

[Event "FIDE World Cup 2023"]
[Site "Baku AZE"]
[Date "2023.08.03"]
[Round "2.2"]
[White "Tabatabaei, M. Amin"]
[Black "Salinas Herrera, Pablo"]
[Result "1-0"]
[WhiteTitle "GM"]
[BlackTitle "GM"]
[WhiteElo "2689"]
[BlackElo "2468"]
[WhiteFideId "12521213"]
[BlackFideId "3407128"]
[EventDate "2023.07.30"]
[EventType "k.o."]

1. e4 e5 2. Nf3 Nc6 3. Bb5 a6 4. Ba4 Nf6 5. O-O d6 6. Re1 Bd7 7. c3 g6 8. d4 Bg7
9. h3 O-O 10. Bc2 Re8 11. Nbd2 a5 12. Nf1 a4 13. a3 b5 14. Bg5 Na5 15. Ne3 Qc8
16. dxe5 dxe5 17. Nh2 h6 18. Bh4 Ra6 19. Qf3 Nh5 20. Nd5 Rae6 21. Red1 Nf4 22.
Ne3 Bc6 23. Bg3 Rf6 24. Bxf4 exf4 25. Nhg4 Rfe6 26. Qxf4 h5 27. Nh6+ Bxh6 28.
Qxh6 Bxe4 29. Bxe4 Rxe4 30. Rd5 R4e5 31. Rad1 c6 32. Rd7 R5e7 33. Nf5 gxf5 34.
Qg5+ Kf8 35. Qxh5 f6 36. Qh8+ Kf7 37. Qh7+ 1-0

[Event "FIDE World Cup 2023"]
[Site "Baku AZE"]
[Date "2023.08.03"]
[Round "2.2"]
[White "Huschenbeth, Niclas"]
[Black "Navara, David"]
[Result "1/2-1/2"]
[WhiteTitle "GM"]
[BlackTitle "GM"]
[WhiteElo "2603"]
[BlackElo "2689"]
[WhiteFideId "24604747"]
[BlackFideId "309095"]
[EventDate "2023.07.30"]
[EventType "k.o."]

1. e4 e5 2. Nf3 Nc6 3. Bb5 Nf6 4. d3 Bc5 5. c3 O-O 6. O-O d6 7. h3 a6 8. Ba4 Ba7
9. Re1 b5 10. Bc2 Bb7 11. Nbd2 Ne7 12. Nh4 d5 13. Qf3 Nd7 14. Qg4 Ng6 15. Nf5
Nf6 16. Qf3 Ne7 17. Nf1 Nxf5 18. Qxf5 Re8 19. Bg5 Qd7 20. Ng3 Qxf5 21. Nxf5 Re6
22. a4 g6 23. Ne7+ Rxe7 24. Bxf6 Re6 25. Bg5 f6 26. exd5 Bxd5 27. Be3 Bxe3 28.
fxe3 Rb6 29. e4 Bb7 30. axb5 axb5 31. Rxa8+ Bxa8 32. Ra1 Bb7 33. Ra7 f5 34. Bb3+
Kf8 35. Bd5 c6 36. Be6 fxe4 37. dxe4 c5 38. Bd5 Bxd5 39. exd5 Rd6 40. Rxh7 Rxd5
41. Rc7 e4 42. Kf2 1/2-1/2

[Event "FIDE World Cup 2023"]
[Site "Baku AZE"]
[Date "2023.08.03"]
[Round "2.2"]
[White "Robson, Ray"]
[Black "Fier, Alexandr"]
[Result "1-0"]
[WhiteTitle "GM"]
[BlackTitle "GM"]
[WhiteElo "2689"]
[BlackElo "2604"]
[WhiteFideId "2023970"]
[BlackFideId "2107139"]
[EventDate "2023.07.30"]
[EventType "k.o."]

1. e4 c5 2. Nf3 e6 3. d4 cxd4 4. Nxd4 Nc6 5. Nc3 Qc7 6. Ncb5 Qb8 7. Bd3 a6 8.
Nxc6 dxc6 9. Nc3 e5 10. a4 Nf6 11. O-O b5 12. Be3 Be7 13. h3 O-O 14. Qe2 Nd7 15.
f4 b4 16. Nd1 exf4 17. Bxf4 Bd6 18. Bxd6 Qxd6 19. Ne3 Ne5 20. Nc4 Nxc4 21. Bxc4
a5 22. Rad1 Qc5+ 23. Kh1 Ra7 24. Qf2 Qxf2 25. Rxf2 Re7 26. Rd6 Bd7 27. b3 g6 28.
Rfd2 Be8 29. R2d4 Kg7 30. Bd3 f6 31. Rd8 Re5 32. Ra8 Rf7 33. Rdd8 Rfe7 34. Ra6
Rc5 35. Rda8 Ree5 36. R8a7+ Kh6 37. Rc7 f5 38. exf5 gxf5 39. Kh2 Red5 40. Kg3
Rd4 41. Kf3 Rd6 42. Rca7 Rdd5 43. Re7 Bh5+ 44. Kf4 Rd4+ 45. Ke3 Rd6 46. Raa7 Bg6
47. Rad7 Rxd7 48. Rxd7 Kg5 49. g3 Kf6 50. Kf4 Rd5 51. Ra7 h6 52. Rc7 Rd4+ 53.
Kf3 Rd6 54. Ra7 Rd5 55. Bc4 Re5 56. Rc7 Be8 57. Bd3 Rd5 58. Rh7 Kg6 59. Re7 Bd7
60. Kf4 Rd4+ 61. Ke3 Rd5 62. Kf4 Rd4+ 63. Ke3 Rd5 64. Bc4 Kf6 65. Rh7 Rd1 66.
Rxh6+ Ke5 67. Rh8 Rg1 68. Kf2 Rh1 69. Bd3 c5 70. h4 Rh2+ 71. Kg1 Rd2 72. h5 Rd1+
73. Kf2 Rh1 74. h6 Be6 75. h7 Rh6 76. g4 Kf4 77. Bxf5 Bd5 78. Rf8 Rh2+ 79. Ke1
Ke3 80. Re8+ 1-0